| 000 | 02551nam a22002057a 4500 | ||
|---|---|---|---|
| 003 | OSt | ||
| 005 | 20260406085604.0 | ||
| 008 | 260406b |||||||| |||| 00| 0 esp d | ||
| 082 | _2 9586771180 | ||
| 100 | _aZamora Editores. | ||
| 245 | _a"Biblioteca Práctica de Consulta del Nuevo Milenio: Volumen 4 | ||
| 250 | _a4ta edición | ||
| 260 |
_aBogotá, Colombia. _b Zamora Editores Ltda _c2000 - 2001 |
||
| 300 |
_a268 páginas _b 350 a 450 gramos _c21 x 14 cm _eMuchas de las versiones del "Nuevo Milenio" venían acompañadas de un disco multimedia con ejercicios de autoevaluación, gráficos animados y buscadores digitales de términos para complementar los temas de Química y Lengua Española. Guías de Autoevaluación: Algunos ejemplares incluyen secciones de cuestionarios al final de cada capítulo para reforzar el aprendizaje autodidacta. Ilustraciones a color |
||
| 490 | _3plastificado brillante | ||
| 520 | _aEste Volumen 4 de la Biblioteca Práctica de Consulta del Nuevo Milenio es un texto híbrido diseñado como herramienta de apoyo escolar para estudiantes de secundaria y bachillerato. Su contenido se divide en dos grandes ejes temáticos independientes: 1. Química (General y Orgánica) El libro presenta la química desde sus conceptos más básicos hasta estructuras complejas. Fundamentos: Explica la estructura del átomo, la tabla periódica y los enlaces químicos. Reacciones: Detalla cómo interactúan los elementos, la estequiometría y el equilibrio químico. Química del Carbono: Introduce la química orgánica, cubriendo hidrocarburos, grupos funcionales y la importancia de las moléculas en la vida cotidiana. Enfoque: Utiliza un lenguaje directo con abundantes modelos moleculares y diagramas para facilitar la comprensión de fórmulas. 2. Lengua Española Esta sección funciona como una guía integral para el dominio del idioma, dividida en: Gramática y Ortografía: Reglas de acentuación, puntuación y el uso correcto de las categorías gramaticales (sustantivos, verbos, etc.). Comunicación Humana: Analiza el proceso de comunicación, los elementos del mensaje y las barreras que lo dificultan. Comunicación Oral: Técnicas para mejorar la expresión en público, debates y la oratoria. Enfoque: Incluye ejercicios prácticos y ejemplos de aplicación para corregir errores comunes en la escritura y el habla. | ||
| 650 |
_aQuímica. _x Problemas, ejercicios, etc. / Química orgánica. _yAspectos sociales / Comunicación oral. |
||
| 700 | _aZamora Editores. | ||
| 942 |
_2ddc _cBKA _n0 |
||
| 999 |
_c2040 _d2040 |
||